<?xml version="1.0" encoding="UTF-8"?>
<record
    xmlns:xsi="http://www.w3.org/2001/XMLSchema-instance"
    xsi:schemaLocation="http://www.loc.gov/MARC21/slim http://www.loc.gov/standards/marcxml/schema/MARC21slim.xsd"
    xmlns="http://www.loc.gov/MARC21/slim">

  <leader>01171nam0a22003131  4500</leader>
  <controlfield tag="001">v19\rc\1413139</controlfield>
  <controlfield tag="005">20250618104944.0</controlfield>
  <datafield tag="035" ind1=" " ind2=" ">
    <subfield code="a">(NLR Aleph) 004541380</subfield>
  </datafield>
  <datafield tag="090" ind1=" " ind2=" ">
    <subfield code="a">2011442</subfield>
    <subfield code="c">2011442</subfield>
  </datafield>
  <datafield tag="100" ind1=" " ind2=" ">
    <subfield code="a">20060512d1880    |||y0rusy50      ca</subfield>
  </datafield>
  <datafield tag="101" ind1="1" ind2=" ">
    <subfield code="a">rus</subfield>
    <subfield code="c">und</subfield>
  </datafield>
  <datafield tag="102" ind1=" " ind2=" ">
    <subfield code="a">RU</subfield>
  </datafield>
  <datafield tag="105" ind1=" " ind2=" ">
    <subfield code="a">y   z   |||||</subfield>
  </datafield>
  <datafield tag="200" ind1="1" ind2=" ">
    <subfield code="a">&#x41F;&#x440;&#x43E;&#x438;&#x437;&#x432;&#x435;&#x434;&#x435;&#x43D;&#x438;&#x44F; &#x43D;&#x430;&#x440;&#x43E;&#x434;&#x43D;&#x43E;&#x439; &#x441;&#x43B;&#x43E;&#x432;&#x435;&#x441;&#x43D;&#x43E;&#x441;&#x442;&#x438;, &#x43E;&#x431;&#x440;&#x44F;&#x434;&#x44B; &#x438; &#x43F;&#x43E;&#x432;&#x435;&#x440;&#x44C;&#x44F; &#x432;&#x43E;&#x442;&#x44F;&#x43A;&#x43E;&#x432; &#x41A;&#x430;&#x437;&#x430;&#x43D;&#x441;&#x43A;&#x43E;&#x439; &#x438; &#x412;&#x44F;&#x442;&#x441;&#x43A;&#x43E;&#x439; &#x433;&#x443;&#x431;&#x435;&#x440;&#x43D;&#x438;&#x439;</subfield>
    <subfield code="e">&#x417;&#x430;&#x43F;&#x438;&#x441;&#x430;&#x43D;&#x44B;, &#x43F;&#x435;&#x440;. &#x438; &#x438;&#x437;&#x43B;&#x43E;&#x436;. &#x411;&#x43E;&#x440;&#x438;&#x441;&#x43E;&#x43C; &#x413;&#x430;&#x432;&#x440;&#x438;&#x43B;&#x43E;&#x432;&#x44B;&#x43C; &#x432;&#x43E; &#x432;&#x440;&#x435;&#x43C;&#x44F; &#x435;&#x433;&#x43E; &#x43A;&#x43E;&#x43C;&#x430;&#x43D;&#x434;&#x438;&#x440;&#x43E;&#x432;&#x43A;&#x438; &#x432; &#x432;&#x43E;&#x442;&#x44F;&#x446;. &#x441;&#x435;&#x43B;&#x435;&#x43D;&#x438;&#x44F; &#x41A;&#x430;&#x437;&#x430;&#x43D;. &#x438; &#x412;&#x44F;&#x442;. &#x433;&#x443;&#x431;.</subfield>
  </datafield>
  <datafield tag="210" ind1=" " ind2=" ">
    <subfield code="a">&#x41A;&#x430;&#x437;&#x430;&#x43D;&#x44C;</subfield>
    <subfield code="c">&#x41F;&#x440;&#x430;&#x432;&#x43E;&#x441;&#x43B;&#x430;&#x432;. &#x43C;&#x438;&#x441;&#x441;&#x438;&#x43E;&#x43D;. &#x43E;-&#x432;&#x43E;</subfield>
    <subfield code="d">1880</subfield>
  </datafield>
  <datafield tag="215" ind1=" " ind2=" ">
    <subfield code="a">190 &#x441;.</subfield>
    <subfield code="d">22</subfield>
  </datafield>
  <datafield tag="700" ind1=" " ind2="1">
    <subfield code="a">&#x413;&#x430;&#x432;&#x440;&#x438;&#x43B;&#x43E;&#x432;</subfield>
    <subfield code="b">&#x411;.</subfield>
    <subfield code="g">&#x411;&#x43E;&#x440;&#x438;&#x441;</subfield>
  </datafield>
  <datafield tag="801" ind1=" " ind2="0">
    <subfield code="a">RU</subfield>
    <subfield code="b">NLR</subfield>
    <subfield code="g">psbo</subfield>
  </datafield>
  <datafield tag="801" ind1=" " ind2="0">
    <subfield code="a">RU</subfield>
    <subfield code="b">RuMoRGB</subfield>
    <subfield code="2">psbo</subfield>
  </datafield>
  <datafield tag="801" ind1=" " ind2="1">
    <subfield code="a">RU</subfield>
    <subfield code="b">ProSoft-M</subfield>
    <subfield code="2">rusmarc</subfield>
  </datafield>
  <datafield tag="852" ind1=" " ind2=" ">
    <subfield code="a">NLR</subfield>
    <subfield code="j">18.302.3.29</subfield>
  </datafield>
  <datafield tag="852" ind1=" " ind2=" ">
    <subfield code="a">NLR</subfield>
    <subfield code="j">131/3721</subfield>
  </datafield>
  <datafield tag="899" ind1=" " ind2=" ">
    <subfield code="a">RuMoRGB</subfield>
    <subfield code="j">R 176/450</subfield>
  </datafield>
  <datafield tag="899" ind1=" " ind2=" ">
    <subfield code="a">RuMoRGB</subfield>
    <subfield code="j">U 106/322</subfield>
  </datafield>
  <datafield tag="899" ind1=" " ind2=" ">
    <subfield code="a">&#x41D;&#x411; &#x421;&#x41F;&#x431;&#x413;&#x423;</subfield>
  </datafield>
  <datafield tag="899" ind1=" " ind2=" ">
    <subfield code="a">&#x413;&#x41F;&#x418;&#x411;</subfield>
  </datafield>
  <datafield tag="899" ind1=" " ind2=" ">
    <subfield code="a">&#x41D;&#x411; &#x41C;&#x413;&#x423;</subfield>
  </datafield>
  <datafield tag="942" ind1=" " ind2=" ">
    <subfield code="c">BOOK</subfield>
  </datafield>
  <datafield tag="980" ind1=" " ind2=" ">
    <subfield code="a">NB</subfield>
  </datafield>
  <datafield tag="995" ind1=" " ind2=" ">
    <subfield code="5">2013-10-26</subfield>
    <subfield code="b">NLR02</subfield>
    <subfield code="c">NLR02</subfield>
    <subfield code="e">RFS</subfield>
    <subfield code="f">4541380-10</subfield>
    <subfield code="k">18.302.3.29</subfield>
    <subfield code="o">0</subfield>
    <subfield code="r">BOOK</subfield>
    <subfield code="s">18302329_</subfield>
  </datafield>
  <datafield tag="995" ind1=" " ind2=" ">
    <subfield code="5">2013-10-26</subfield>
    <subfield code="b">NLR02</subfield>
    <subfield code="c">NLR02</subfield>
    <subfield code="e">RFS</subfield>
    <subfield code="f">4541380-20</subfield>
    <subfield code="k">131/3721</subfield>
    <subfield code="o">0</subfield>
    <subfield code="r">BOOK</subfield>
    <subfield code="s">1313721_</subfield>
  </datafield>
  <datafield tag="995" ind1=" " ind2=" ">
    <subfield code="5">2013-10-26</subfield>
    <subfield code="b">NLR01</subfield>
    <subfield code="c">NLR01</subfield>
    <subfield code="e">TEMP</subfield>
    <subfield code="f">4541380-50</subfield>
    <subfield code="o">0</subfield>
    <subfield code="r">BOOK</subfield>
  </datafield>
  <datafield tag="995" ind1=" " ind2=" ">
    <subfield code="5">2013-10-26</subfield>
    <subfield code="b">NLR01</subfield>
    <subfield code="c">NLR01</subfield>
    <subfield code="e">TEMP</subfield>
    <subfield code="f">4541380-60</subfield>
    <subfield code="o">0</subfield>
    <subfield code="r">BOOK</subfield>
  </datafield>
  <datafield tag="995" ind1=" " ind2=" ">
    <subfield code="5">2013-10-26</subfield>
    <subfield code="b">NLR01</subfield>
    <subfield code="c">NLR01</subfield>
    <subfield code="e">TEMP</subfield>
    <subfield code="f">4541380-70</subfield>
    <subfield code="o">0</subfield>
    <subfield code="r">BOOK</subfield>
  </datafield>
</record>
